000 00411nam a2200169 4500
003 DO-SdBNP
005 20180216102940.0
008 161125b1994 sp||||| |||| 00| 0 spa d
020 _a8434844494
040 _aBPMSU
_bspa
_c1993
245 1 0 _aBestiario
260 _aMadrid :
_bSM ,
_c1994
300 _a18 p. :
_bil. :
_c19 cm
942 _2ddc
_cBK
945 _ainventariado, 2018 / dg
956 _adgarcia
999 _c12107
_d12107